000 00582nam a22002177a 4500
999 _c6541
_d6541
001 6541
003 BD-JhCC
005 20180125085023.0
008 180125b xxu||||| |||| 00| 0 eng d
035 _a(BD-JhCC)6541
040 _aBD-JhCC
_dBD-JhCC
041 _aeng
082 _a810.82
_bADO 1961
100 _aAdolorata, Sister Mary
245 _aThe Growing Years of Amirican Literature /
_cSister Mary Adolorata
260 _aNew York :
_bThe Macmillan Company,
_c1961.
300 _a316 p. :
_c22 cm.
650 _aAmirican Liturature
942 _2ddc
_cBK